• 首页
  • 本馆介绍
  • 公告通知
  • 最新文献
  • 馆藏检索
  • 电子资源
  • 读者导购
  • 参考咨询
  • 我的图书馆
  • 登录
  • 详细信息显示
  • 放入我的书架
  • 预约/预借图书
  • 作者相关作品
  • 分类相关作品
  • 丛书相关作品
  • 出版社相关作品

书目信息

  • 表格格式
  • 工作单格式
  • 卡片格式
题名:
词典学新论
    
 
作者: 罗思明 著
分册:  
出版信息: 合肥   安徽教育出版社  2008
页数: 230页
开本: 23cm
丛书名:
单 册:
中图分类: H06
科图分类:
主题词: 词典学--研究 , 词典学
电子资源:
ISBN: 978-7-5336-4929-6
000 00800nam0 2200253 45
001 1050703234
005 20100416095712.10
010    @a978-7-5336-4929-6@dCNY29.00
100    @a20100408d2008 em y0chiy0120 ea
101 0  @achi
102    @aCN@b340000
105    @ay z 000yy
106    @ar
200 1  @a词典学新论@ACi Dian Xue Xin Lun@dA new concept of lexicography@f罗思明著@FLuo Si Ming Zhu@zeng
210    @a合肥@c安徽教育出版社@d2008
215    @a230页@d23cm
330    @a本书共七章,内容包括词典学简介、词典使用研究概述、词典学研究取向、词典使用研究的主题等。
510 1  @aNew concept of lexicography@zeng
606 0  @a词典学@x研究
606 0  @a词典学
690    @aH06@v4
701  0 @a罗思明@ALuo Si Ming@4著
801  0 @aCN@bTANGWEI@c20100416
905    @b0589672-76@dH06@e165@f5
    
    词典学新论=A new concept of lexicography/罗思明著.-合肥:安徽教育出版社,2008
    230页;23cm
    
    
    ISBN 978-7-5336-4929-6:CNY29.00
    本书共七章,内容包括词典学简介、词典使用研究概述、词典学研究取向、词典使用研究的主题等。
●
相关链接 在E读中查询图书 在五车中查询图书 在当当中查询图书 在豆瓣中查询图书


正题名:词典学新论     索取号:H06/165         预约/预借

序号 登录号 条形码 馆藏地/架位号 状态 备注
1 0589672   205896725   第二样本阅览室/ [索取号:H06/165] 在馆    
2 0589673   205896734   第四借阅区/ [索取号:H06/165] 在馆    
3 0589674   205896743   第四借阅区/ [索取号:H06/165] 在馆    
4 0589675   205896752   第四借阅区/ [索取号:H06/165] 在馆    
5 0589676   205896761   第四借阅区/ [索取号:H06/165] 在馆    
唐山师范学院图书馆 欢迎您!
大连网信软件有限公司© 版权所有